| 000 | 01187nam0a2200289 4500 | ||
|---|---|---|---|
| 001 | RU\NLR\bibl\939731 | ||
| 005 | 20260405104123.0 | ||
| 010 |
_a5-209-00934-3 _9100 |
||
| 021 |
_aRU _b2006-17922 _9894 |
||
| 035 | _a(NLR Aleph) 000927916 | ||
| 090 |
_a141304 _c141304 |
||
| 100 | _a20060427d2005 |||y0rusy50 ca | ||
| 101 | 0 | _arus | |
| 102 | _aRU | ||
| 105 | _ay ||||||||| | ||
| 200 | 1 |
_aМетоды анализа систем управления летательных аппаратов _eмонография _fС.М. Куюнжич |
|
| 210 |
_aМосква _cИзд-во Российского университета дружбы народов _d2005 |
||
| 215 |
_a159, [1] c. _d21 |
||
| 320 | _aБиблиогр.: с. 155-158 (41 назв.) | ||
| 606 | 1 |
_aЛетательные аппараты _xУправление _xСистемы _xМатематический анализ _92424371 _3RU\NLR\auth\661443523 |
|
| 686 | _aО52-047 | ||
| 700 | 1 |
_4070 _8rus _7ca _aКуюнджич _bС. М. _f1954- _gСаво Момчилов _3RU\NLR\auth\7739663 _922647 |
|
| 801 | 0 |
_aRU _bNLR _c20060427 _grcr |
|
| 801 | 1 |
_aRU _bNLR _c20060427 |
|
| 942 | _cBOOK | ||
| 980 | _aNB | ||